| 000 | 00840nam a2200253 a 4500 | ||
|---|---|---|---|
| 001 | 000014543 | ||
| 005 | 20200929163851.0 | ||
| 008 | 100113s1999 sp a 000 p spa d | ||
| 020 | _a8437617685 | ||
| 040 |
_aDO-SdBNP _bspa _cBNPHU |
||
| 082 |
_a861.2 _bS235p |
||
| 100 | 1 |
_aSantillana, Íñigo López de Mendoza, _cMarqués de, _d1398-1458 _932925 |
|
| 245 | 1 | 0 |
_aPoesía lírica / _cMarqués de Santillana ; edición de Miguel Ángel Pérez Priego. |
| 260 |
_aMadrid : _bCátedra, _c1999. |
||
| 300 |
_a431 p. : _bil. ; _c18 cm. |
||
| 490 | 1 |
_aLetras hispánicas _v475 |
|
| 650 | 4 |
_aPoesía lírica _93066 |
|
| 650 | 4 |
_aPoesía española _9631 |
|
| 650 | 4 |
_aLiteratura española _ySIGLO XV _915052 |
|
| 700 | 1 |
_aPérez Priego, Miguel Ángel, _eed. _915529 |
|
| 830 | 0 |
_aLetras hispánicas ; _v475 _94208 |
|
| 910 | _aWM | ||
| 049 | _aBNGR | ||
| 999 |
_c14130 _d14130 |
||